Testing times : (Record no. 6589)

MARC details
000 -LEADER
fixed length control field 01937cam a2200397 a 4500
001 - CONTROL NUMBER
control field 14985290
003 - CONTROL NUMBER IDENTIFIER
control field OSt
005 - DATE AND TIME OF LATEST TRANSACTION
control field 20200205113852.0
008 - FIXED-LENGTH DATA ELEMENTS--GENERAL INFORMATION
fixed length control field 070829s2008 enka b 001 0 eng
010 ## - LIBRARY OF CONGRESS CONTROL NUMBER
LC control number 2007035794
020 ## - INTERNATIONAL STANDARD BOOK NUMBER
International Standard Book Number 9780415404747 (hbk.)
020 ## - INTERNATIONAL STANDARD BOOK NUMBER
International Standard Book Number 0415404746 (hbk.)
020 ## - INTERNATIONAL STANDARD BOOK NUMBER
International Standard Book Number 9780415404754 (pbk.)
020 ## - INTERNATIONAL STANDARD BOOK NUMBER
International Standard Book Number 0415404754 (pbk.)
020 ## - INTERNATIONAL STANDARD BOOK NUMBER
International Standard Book Number 9780203930502 (ebk.)
020 ## - INTERNATIONAL STANDARD BOOK NUMBER
International Standard Book Number 0203930509 (ebk.)
035 ## - SYSTEM CONTROL NUMBER
System control number (OCoLC)ocn170203159
040 ## - CATALOGING SOURCE
Original cataloging agency DLC
Language of cataloging eng
Transcribing agency DLC
Modifying agency BTCTA
-- BAKER
-- YDXCP
-- BWK
-- C#P
-- NLGGC
-- BWX
-- DEBBG
-- OCL
-- DLC
050 00 - LIBRARY OF CONGRESS CALL NUMBER
Classification number LB3051
Item number .S8544 2008
082 00 - DEWEY DECIMAL CLASSIFICATION NUMBER
Classification number 371.26
Edition number 22
Item number STO 2008
084 ## - OTHER CLASSIFICATION NUMBER
Classification number 77.08
Number source bcl
084 ## - OTHER CLASSIFICATION NUMBER
Classification number 5,3
Number source ssgn
084 ## - OTHER CLASSIFICATION NUMBER
Classification number DV 2850
Number source rvk
100 1# - MAIN ENTRY--PERSONAL NAME
Personal name Stobart, Gordon.
9 (RLIN) 13561
245 10 - TITLE STATEMENT
Title Testing times :
Remainder of title the uses and abuses of assessment /
Statement of responsibility, etc. Gordon Stobart.
260 ## - PUBLICATION, DISTRIBUTION, ETC. (IMPRINT)
Place of publication, distribution, etc. London ;
-- New York :
Name of publisher, distributor, etc. Routledge,
Date of publication, distribution, etc. 2008.
300 ## - PHYSICAL DESCRIPTION
Extent 218 p. :
Other physical details ill. ;
Dimensions 24 cm.
504 ## - BIBLIOGRAPHY, ETC. NOTE
Bibliography, etc Includes bibliographical references (p. [198]-212) and indexes.
505 0# - FORMATTED CONTENTS NOTE
Formatted contents note Assessing assessment -- Intelligence testing : how to create a monster -- The resistance movement : multiple and emotional intelligences -- The lure of learning styles -- The diploma disease : still contagious after all these years? -- The long shadow of accountability -- Reasons to be cheerful : assessment for learning -- Reclaiming assessment : becoming responsible for who we are.
650 #0 - SUBJECT ADDED ENTRY--TOPICAL TERM
Topical term or geographic name as entry element Educational tests and measurements
General subdivision Evaluation.
9 (RLIN) 13562
856 41 - ELECTRONIC LOCATION AND ACCESS
Materials specified Table of contents only
Uniform Resource Identifier http://www.loc.gov/catdir/toc/ecip0726/2007035794.html
856 41 - ELECTRONIC LOCATION AND ACCESS
Materials specified Table of contents
Uniform Resource Identifier http://bvbr.bib-bvb.de:8991/F?func=service&doc_library=BVB01&doc_number=016558690&line_number=0001&func_code=DB_RECORDS&service_type=MEDIA
906 ## - LOCAL DATA ELEMENT F, LDF (RLIN)
a 7
b cbc
c orignew
d 1
e ecip
f 20
g y-gencatlg
942 ## - ADDED ENTRY ELEMENTS (KOHA)
Source of classification or shelving scheme Dewey Decimal Classification
Koha item type Open Shelf
Holdings
Withdrawn status Lost status Source of classification or shelving scheme Damaged status Not for loan Home library Current library Date acquired Source of acquisition Inventory number Total Checkouts Full call number Barcode Date last seen Price effective from Koha item type
    Dewey Decimal Classification     MUST Main Library MUST Main Library 05/02/2020 Donation 2011/35362   371.26 STO 2008 2020-0353 05/02/2020 05/02/2020 Open Shelf